Hydrology And Watershed Management - III, Vol- I (Record no. 14459)
[ view plain ]
| 000 -LEADER | |
|---|---|
| fixed length control field | 00339nam a22001337a 4500 |
| 020 ## - INTERNATIONAL STANDARD BOOK NUMBER | |
| ISBN | 9788178002248 |
| 082 ## - DEWEY DECIMAL CLASSIFICATION NUMBER | |
| Classification number | 551.49 |
| Item number | SAR/HY |
| 245 ## - TITLE STATEMENT | |
| Title | Hydrology And Watershed Management - III, Vol- I |
| 260 ## - PUBLICATION, DISTRIBUTION, ETC. (IMPRINT) | |
| Place of publication | Hyderabad |
| Name of publisher | BS Publications |
| Year of publication | 2010 |
| 300 ## - PHYSICAL DESCRIPTION | |
| Number of Pages | 709 |
| 700 ## - ADDED ENTRY--PERSONAL NAME | |
| Personal name | Sarala,C |
| 700 ## - ADDED ENTRY--PERSONAL NAME | |
| Personal name | Venkateswara Rao,B |
| 942 ## - ADDED ENTRY ELEMENTS (KOHA) | |
| Koha item type | Books |
No items available.
